50 Countries With The Worst Infrastructure - Statistics

General Stats
  • This quiz has been taken 138 times
  • The average score is 32 of 50
Answer Stats
Index Country % Correct
2.00 Niger
89%
2.12 DR Congo
87%
1.81 Somalia
86%
2.27 Mali
84%
2.19 Sudan
83%
2.04 Congo
77%
2.25 Mauritania
77%
1.86 Eritrea
76%
1.78 Afghanistan
75%
1.80 Guinea
75%
1.95 Burundi
74%
1.93 Central African Republic
74%
1.56 Guinea-Bissau
74%
2.03 Iraq
74%
2.25 Libya
74%
1.87 Angola
73%
1.82 Gambia
73%
2.23 Senegal
73%
1.83 Zimbabwe
72%
2.16 Madagascar
71%
2.20 Uganda
71%
2.24 Togo
70%
2.22 Pakistan
69%
2.12 Yemen
69%
2.18 Malawi
68%
1.91 Bhutan
66%
2.09 Gabon
66%
1.96 Lesotho
66%
1.99 Myanmar
66%
2.20 Nepal
65%
1.91 Liberia
64%
1.89 Equatorial Guinea
63%
1.94 Haiti
63%
1.82 Sierra Leone
63%
2.18 Tajikistan
63%
2.19 Venezuela
61%
2.14 Cambodia
56%
2.09 Mongolia
54%
2.23 Turkmenistan
53%
1.97 Papua New Guinea
50%
2.08 Guyana
46%
2.26 El Salvador
45%
2.21 Guatemala
45%
2.17 Bolivia
41%
2.22 Ukraine
40%
2.25 Comoros
38%
2.02 Moldova
38%
2.10 Tunisia
34%
2.23 Solomon Islands
31%
2.27 Albania
22%
No matching quizzes found
Score Distribution
Percent of People with Each Score
Percentile by Number Answered
Your Score History
You have not taken this quiz